Caractères

Guardat en:
Dades bibliogràfiques
Autor principal: Teofrasto (Autor)
Format: Llibre
Idioma:francès
grec
Publicat: París Les Belles Lettres 1964
Edició:3a. ed
Col·lecció:Collection des Universités de France
Matèries:
Etiquetes: Afegir etiqueta
Sense etiquetes, Sigues el primer a etiquetar aquest registre!

MARC

LEADER 00000nam a2200000 a 4500
001 UCM7092
003 CL-VaPUC
008 021129e19640000FR |||||||||||||||||fre|d
041 0 7 |a fre  |2 CL-VaPUC 
041 0 7 |a gre  |2 CL-VaPUC 
082 0 4 |a 155.2  |b TEO  |2 21 
100 0 |a Teofrasto  |e author  |9 267068 
245 1 0 |a Caractères 
250 |a 3a. ed 
300 |a 104 p 
942 |c BK 
945 |d 20021129 00:00:00  |a cmena 
260 |a París  |b Les Belles Lettres  |c 1964 
650 0 |a Psicología   |9 257863 
650 0 |a Comportamiento   |9 308406 
650 0 |a Correspondencia  |9 258963 
650 0 |a Ética  |9 255099 
583 |a last modification  |c 20021129 00:00:00  |k Rodrigo Vera 
490 0 |a Collection des Universités de France 
999 |c 302127  |d 302125 
952 |0 0  |1 0  |4 0  |6 155_200000000000000_TEO_1964  |7 0  |8 DER_ROM  |9 362172  |a BIBDER  |b BIBDER  |d 2019-11-21  |i 3865215  |o 155.2 TEO 1964  |p 3865215  |r 2023-01-25  |w 2019-11-21  |x Ubicación 4to piso  |y BK  |z Este recurso debe solicitarse con anticipación  |k DER